Normal view MARC view
  • Salman Shahid Kunwar (NUST201361495MCES64113F)

Entry Personal Name

Number of records used in: 1

001 - CONTROL NUMBER

  • control field: 116317

003 - CONTROL NUMBER IDENTIFIER

  • control field: NUST

005 - DATE AND TIME OF LATEST TRANSACTION

  • control field: 20230912165927.0

008 - FIXED-LENGTH DATA ELEMENTS

  • fixed length control field: 230912|| aca||aabn | a|a d

040 ## - CATALOGING SOURCE

  • Original cataloging agency: NUST
  • Transcribing agency: NUST

100 ## - HEADING--PERSONAL NAME

  • Personal name: Salman Shahid Kunwar (NUST201361495MCES64113F)

670 ## - SOURCE DATA FOUND

  • Source citation: Work cat.: (NUST): Salman Shahid Kunwar (NUST201361495MCES64113F), Renewable hrdrogen production from algae and efficient utilization in PEMFCs /, 2016
© 2023 Central Library, National University of Sciences and Technology. All Rights Reserved.